000 00398nam a2200169Ia 4500
005 20240823051453.0
008 240823s9999||||xx |||||||||||||| ||und||
041 _aENGLISH
082 _A420 Q3
100 _aCalisthus A
245 0 _aTechnical English -II
250 _a3rd
260 _c2013
_bL Care Publica
500 _aTRANSFERED
650 _aTechnical English
_bEnglish
942 _cBK
999 _c219661
_d219661